| 000 | 00578cam a2200205 4500500 | ||
|---|---|---|---|
| 005 | 20260329005204.0 | ||
| 041 | _afre | ||
| 042 | _adc | ||
| 245 | 0 | 0 | _aVoyage au pays des boxeurs |
| 260 | _c2022. | ||
| 500 | _a7 | ||
| 690 | _aAfro-Américains | ||
| 690 | _aBoxe | ||
| 690 | _aÉtats-Unis | ||
| 690 | _aLoïc Wacquant | ||
| 690 | _aLutte | ||
| 690 | _aSociologie | ||
| 786 | 0 | _nPhilosophie magazine | 163 | 10 | 2022-10-01 | p. 67-68 | 1951-1787 | |
| 856 | 4 | 1 | _uhttps://shs.cairn.info/magazine-philosophie-magazine-2022-10-page-67?lang=fr&redirect-ssocas=7080 |
| 999 |
_c1841129 _d1841129 |
||